<?xml version="1.0" encoding="UTF-8"?>
<record
    xmlns:xsi="http://www.w3.org/2001/XMLSchema-instance"
    xsi:schemaLocation="http://www.loc.gov/MARC21/slim http://www.loc.gov/standards/marcxml/schema/MARC21slim.xsd"
    xmlns="http://www.loc.gov/MARC21/slim">

  <leader>00989nam a22002177a 4500</leader>
  <controlfield tag="005">20250222103611.0</controlfield>
  <controlfield tag="008">250222b           ||||| |||| 00| 0 eng d</controlfield>
  <datafield tag="020" ind1=" " ind2=" ">
    <subfield code="a">9781032435107</subfield>
  </datafield>
  <datafield tag="040" ind1=" " ind2=" ">
    <subfield code="c">AL</subfield>
  </datafield>
  <datafield tag="041" ind1=" " ind2=" ">
    <subfield code="a">eng</subfield>
  </datafield>
  <datafield tag="082" ind1=" " ind2=" ">
    <subfield code="2">23</subfield>
    <subfield code="a">153.32</subfield>
    <subfield code="b">REET</subfield>
  </datafield>
  <datafield tag="100" ind1=" " ind2=" ">
    <subfield code="a">Stephen, K Reed</subfield>
    <subfield code="9">201924</subfield>
  </datafield>
  <datafield tag="245" ind1=" " ind2=" ">
    <subfield code="a">Thinking Visually</subfield>
  </datafield>
  <datafield tag="250" ind1=" " ind2=" ">
    <subfield code="a">2nd ed.</subfield>
  </datafield>
  <datafield tag="260" ind1=" " ind2=" ">
    <subfield code="a">New York</subfield>
    <subfield code="b">Routledge Taylor and Francis Group</subfield>
    <subfield code="c">2024</subfield>
  </datafield>
  <datafield tag="300" ind1=" " ind2=" ">
    <subfield code="a">vi,207p.</subfield>
    <subfield code="b">PB</subfield>
    <subfield code="c">24x17cm.</subfield>
  </datafield>
  <datafield tag="365" ind1=" " ind2=" ">
    <subfield code="2">General</subfield>
    <subfield code="a">6385</subfield>
    <subfield code="b">&#x20B9;876.00</subfield>
    <subfield code="c">&#x20B9;</subfield>
    <subfield code="d">&#x20B9;1095.00</subfield>
    <subfield code="e">20%</subfield>
    <subfield code="f">06/02/2025</subfield>
  </datafield>
  <datafield tag="520" ind1=" " ind2=" ">
    <subfield code="a">Development; Images versus words; images before words; estimation; visual displays; pictures ;diagrams;graphs;images; creating images; manipulating images; spatial metaphors; multimedia instruction; multimedia principles; mathematics instructional software; science instructional software;action;physical reality; virtual reality; mixed reality.</subfield>
  </datafield>
  <datafield tag="650" ind1=" " ind2=" ">
    <subfield code="2">conscious mental processes and intelligence</subfield>
    <subfield code="a">Visualization</subfield>
    <subfield code="9">201925</subfield>
  </datafield>
  <datafield tag="942" ind1=" " ind2=" ">
    <subfield code="2">ddc</subfield>
    <subfield code="c">BK</subfield>
  </datafield>
  <datafield tag="999" ind1=" " ind2=" ">
    <subfield code="c">233869</subfield>
    <subfield code="d">233869</subfield>
  </datafield>
  <datafield tag="952" ind1=" " ind2=" ">
    <subfield code="0">0</subfield>
    <subfield code="1">0</subfield>
    <subfield code="2">ddc</subfield>
    <subfield code="4">0</subfield>
    <subfield code="7">0</subfield>
    <subfield code="8">CPSY</subfield>
    <subfield code="a">SACPG</subfield>
    <subfield code="b">SACPG</subfield>
    <subfield code="d">2025-02-10</subfield>
    <subfield code="e">Biblios Book Point</subfield>
    <subfield code="g">876.00</subfield>
    <subfield code="l">2</subfield>
    <subfield code="m">1</subfield>
    <subfield code="o">153.32 REET</subfield>
    <subfield code="p">PG024906</subfield>
    <subfield code="q">2026-09-11</subfield>
    <subfield code="r">2026-05-14 15:17:39</subfield>
    <subfield code="s">2026-05-14</subfield>
    <subfield code="v">1095.00</subfield>
    <subfield code="w">2025-02-22</subfield>
    <subfield code="y">BK</subfield>
  </datafield>
</record>
